000 01704nam2a2200265 4500
001 RU\NLR\PER_A\002577498_002390
005 20250626061932.0
035 _a(NLR Aleph) 011411512
090 _a11560161
_c11560161
100 _a20170621d2017 |||y0rusy50 ca
101 0 _arus
102 _aRU
200 1 _aАмурские канонерки, ч. 2
_iРечные канонерские лодки типов "Бурят" и "Вогул"
_fР.В. Лапшин, Н.В. Митюков
210 _d2017
_aБ. м.
461 0 _1001RU\NLR\INFOCOMM\1000090925
_12001#$aМорская коллекция$eСправ. по кораб. составу$eПрил. к журн. "Моделист-конструктор"$fУчредитель: "Ред. журн. "Моделист-конструктор" в форме АОЗТ"$v2017, № 4 (211)
_93245256
_cМ.
_d1995-
_fУчредитель: "Ред. журн. "Моделист-конструктор" в форме АОЗТ"
_nРед. журн. "Моделист-конструктор" в форме АОЗТ
_oСправ. по кораб. составу : Прил. к журн. "Моделист-конструктор"
_tМорская коллекция
_v2017, № 4 (211)
606 1 _aКанонерские лодки типа "Бурят"
_92322523
_3RU\NLR\AUTH\6601614104
606 1 _aКанонерские лодки типа "Вогул"
_92322526
_3RU\NLR\AUTH\6601614105
686 1 _aЦ661.13
700 1 _aЛапшин
_bР.В.
_f1972-
_gРоман Витальевич
701 1 _aМитюков
_bН.В.
_f1969-
_gНиколай Витальевич
852 _aNLR
_jП11/3767
942 _cISSUE
980 _aNB
980 _aRUSPER